Riconosci il Pokémon - Quiz n°55 - Statistics

Statistiche generali
  • Questo quiz è stato fatto 4 volte
  • Il punteggio medio è 10 su 10
Statistiche sulle risposte
Indizio Risposta % Corretto
Altezza 0,6 m
100%
Tasso di cattura 235 (41.3%)
100%
Sesso 50% ♂, 50% ♀
100%
Peso 7,8 kg
100%
Tipo Elettro
100%
Stadio evoluzione Forma Base
100%
Tasso di allevamento Medio-Lento
100%
Generazione Seconda
100%
Abilità Statico; Più
100%
Pokémon Mareep
75%
Nessun quiz corrispondente trovato
Distribuzione punteggi
Percentuale di utenti per punteggio
Percentile per numero di risposta
I tuoi punteggi nel tempo
Non hai fatto questo quiz